LEADER 00994nam0-22003251i-450- 001 990006559080403321 005 20001010 035 $a000655908 035 $aFED01000655908 035 $a(Aleph)000655908FED01 035 $a000655908 100 $a20001010d--------km-y0itay50------ba 101 0 $aita 105 $ay-------001yy 200 1 $a<>fading miracle$efour decades of market economy in Germany$fHerbert Giersch Karl-Heinz Pasque, Holger Schmieding 210 $aCambridge$cCambridge University Press$d1992. 215 $aXIV, 302 p.$d23 cm 225 1 $aCambridge surveys in economic policies and institutions$v 676 $a338.943 700 1$aGiersch,$bHerbert$f<1921- >$0113704 702 1$aPasque,$bKarl-Heinz 702 1$aSchmieding$bHolger 801 0$aIT$bUNINA$gRICA$2UNIMARC 901 $aBK 912 $a990006559080403321 952 $aVI C 825$b19526$fFSPBC 959 $aFSPBC 996 $aFading miracle$9618268 997 $aUNINA DB $aGEN01 LEADER 01623nam0 22003013i 450 001 VAN00119597 005 20240806100804.842 100 $a20190123d1914 |0itac50 ba 101 $aita 102 $aIT 105 $a|||| ||||| 200 1 $aCodice di procedura penale$eLegge 20 giugno 1912, n. 598, e R.D. 27 febbraio 1913, n. 127$epreceduto dalla relazione a Sua Maestą il re e seguito dai RR. DD. 5 ottobre 1913, n. 1176, 1177, 1178 contenenti le norme di attuazione e di coordinamento, le disposizioni transitorie e regolamentari ed il regolamento sul servizio del casellario giudiziario 205 $aEd. definitiva con richiami marginali dei corrispondenti articoli del Codice del 1865 e di altre leggi$bcon una tavola di riscontro e con copioso indice alfabetico-analitico 210 $aTorino$cUnione tipografico-editrice torinese$d1914 215 $aCXLVI, 364 p.$d16 cm 620 $dTorino$3VANL000001 710 02$aItalia$3VANV001942$0423419 712 $aUTET $3VANV107949$4650 791 02$aRepubblica italiana$zItalia$3VANV057868 791 02$aRegno d'Italia <1861-1946>$zItalia$3VANV057870 791 02$aItalia $zItalia$3VANV057871 791 02$aItalia $zItalia$3VANV057873 801 $aIT$bSOL$c20240906$gRICA 899 $aBIBLIOTECA DEL DIPARTIMENTO DI GIURISPRUDENZA$1IT-CE0105$2VAN00 912 $aVAN00119597 950 $aBIBLIOTECA DEL DIPARTIMENTO DI GIURISPRUDENZA$d00CONS BNA.448 $e00BNA3503 20190123 996 $aCodice di procedura penale$9200118 997 $aUNICAMPANIA